[Event "USA-chT College final"]
[Site "New York"]
[Date "2015.03.28"]
[Round "1.1"]
[White "Akshayraj, Kore"]
[Black "Nyzhnyk, Illya"]
[Result "0-1"]
[WhiteElo "2472"]
[BlackElo "2622"]
[PlyCount "98"]
[EventDate "2015.03.28"]
[EventType "team-tourn"]
[EventRounds "3"]
[EventCountry "USA"]
[SourceTitle "CBM 165 Extra"]
[Source "ChessBase"]
[SourceDate "2015.04.21"]
[SourceVersion "1"]
[SourceVersionDate "2015.04.21"]
[SourceQuality "1"]
[WhiteTeam "Maryland BC Univ"]
[BlackTeam "Webster Univ"]
[WhiteTeamCountry "USA"]
[BlackTeamCountry "USA"]

1. e4 e6 2. d4 d5 3. Nc3 dxe4 4. Nxe4 Bd7 5. Nf3 Bc6 6. Bd3 Nd7 7. Qe2 Ngf6 8. 0-0 Be7 9. Ng3 Bxf3 10. Qxf3 c6 11. b3 0-0 12. Bb2 Qa5 13. a3 Rfe8 14. Rfe1 Rad8 15. c4 Bf8 16. Rad1 Qg5 17. h3 g6 18. Bc1 Qh4 19. Bf1 Bh6 20. Nf5 exf5 21. Rxe8+ Nxe8 22. g3 Qe7 23. Bxh6 Qxa3 24. Qc3 Qd6 25. Qa5 Qb8 26. Bf4 Qa8 27. d5 Ndf6 28. d6 b6 29. Qe5 Qc8 30. c5 Qe6 31. b4 Qxe5 32. Bxe5 bxc5 33. bxc5 Nd7 34. Bd4 Ng7 35. Be3 Ne6 36. Rc1 a5 37. Bg2 Rc8 38. Kf1 a4 39. Ke2 a3 40. Kd3 a2 41. Kc4 Ra8 42. Bxc6 Ne5+ 43. Kd5 Nxc6 44. Kxc6 a1Q 45. Rxa1 Rxa1 46. Kd7 Ra7+ 47. Kc8 Ra8+ 48. Kb7 Rd8 49. Kc6 g5 0-1

[Event "USA tt"]
[Site "ICC INT"]
[Date "2014.10.21"]
[Round "9"]
[White "Zierk, Steven C"]
[Black "Akshayraj, Kore"]
[Result "1/2-1/2"]
[WhiteElo "2485"]
[BlackElo "2463"]
[PlyCount "148"]
[EventDate "2014.08.26"]
[EventType "team-tourn"]
[EventRounds "10"]
[EventCountry "USA"]
[SourceTitle "EXT 2015"]
[Source "ChessBase"]
[SourceDate "2014.11.20"]
[SourceVersion "1"]
[SourceVersionDate "2014.11.20"]
[SourceQuality "1"]
[WhiteTeam "Boston"]
[BlackTeam "Baltimore"]
[WhiteTeamCountry "USA"]
[BlackTeamCountry "USA"]

1. e4 c5 2. Nf3 d6 3. d4 cxd4 4. Nxd4 Nf6 5. Nc3 g6 6. Be3 Bg7 7. Bc4 0-0 8. f3 Nc6 9. Qd2 Bd7 10. 0-0-0 Rb8 11. Bb3 a6 12. h4 h5 13. g4 hxg4 14. h5 Nxh5 15. Nxc6 bxc6 16. fxg4 Nf6 17. Rdg1 Rxb3 18. axb3 Nxg4 19. Bh6 Nxh6 20. Rxh6 Qa5 21. Kb1 Bxh6 22. Qxh6 Qe5 23. Rh1 Re8 24. Qh7+ Kf8 25. Ne2 e6 26. Rf1 Qg7 27. Qh4 d5 28. Qf2 Re7 29. Qc5 Qe5 30. Nf4 Qxe4 31. Qd6 Be8 32. Ka2 Qf5 33. Rf2 d4 34. Nd3 Qa5+ 35. Kb1 Qd5 36. Qf4 Qh1+ 37. Ka2 e5 38. Qf6 Qh5 39. Nc5 Bd7 40. Qd6 Bf5 41. Rxf5 Qxf5 42. Qd8+ Re8 43. Nd7+ Kg7 44. Qxe8 e4 45. Qf8+ Kh7 46. Qd8 e3 47. Nf6+ Kh6 48. Qxd4 Qa5+ 49. Kb1 Qe1+ 50. Ka2 Qa5+ 51. Kb1 e2 52. Qe3+ Qg5 53. Ng8+ Kg7 54. Qxe2 Kxg8 55. Qe8+ Kg7 56. Qxc6 Qf6 57. Qd5 g5 58. c4 g4 59. c5 g3 60. Ka2 Qg6 61. Qg2 Qg5 62. b4 Qf4 63. c6 Kf6 64. Qe2 Qd6 65. Qxa6 g2 66. Qb6 Kg7 67. b5 Qd1 68. c7 Qa4+ 69. Kb1 Qd1+ 70. Ka2 Qa4+ 71. Kb1 Qd1+ 72. Ka2 Qa4+ 73. Kb1 Qd1+ 74. Ka2 Qa4+ 1/2-1/2

[Event "US Open-115"]
[Site "Orlando"]
[Date "2014.08.02"]
[Round "8"]
[White "Mulyar, Michael A"]
[Black "Akshayraj, Kore"]
[Result "1-0"]
[WhiteElo "2411"]
[BlackElo "2463"]
[PlyCount "43"]
[EventDate "2014.07.26"]
[EventType "swiss"]
[EventRounds "9"]
[EventCountry "USA"]
[SourceTitle "CBM 161 Extra"]
[Source "ChessBase"]
[SourceDate "2014.08.29"]
[SourceVersion "1"]
[SourceVersionDate "2014.08.29"]
[SourceQuality "1"]

1. d4 Nf6 2. Nf3 e6 3. c4 Bb4+ 4. Bd2 Qe7 5. g3 Bxd2+ 6. Qxd2 d6 7. Nc3 c6 8. Bg2 Nbd7 9. e4 e5 10. 0-0 c5 11. dxe5 Nxe5 12. Nxe5 dxe5 13. Nd5 Nxd5 14. exd5 Qd6 15. f4 0-0 16. fxe5 Qxe5 17. d6 Be6 18. Rae1 Qh5 19. Bxb7 Rab8 20. Bf3 Qh6 21. Qxh6 gxh6 22. b3 1-0

[Event "US Open-115"]
[Site "Orlando"]
[Date "2014.07.30"]
[Round "5"]
[White "Akshayraj, Kore"]
[Black "Holt, Conrad"]
[Result "1/2-1/2"]
[WhiteElo "2463"]
[BlackElo "2574"]
[PlyCount "70"]
[EventDate "2014.07.26"]
[EventType "swiss"]
[EventRounds "9"]
[EventCountry "USA"]
[SourceTitle "CBM 161 Extra"]
[Source "ChessBase"]
[SourceDate "2014.08.29"]
[SourceVersion "1"]
[SourceVersionDate "2014.08.29"]
[SourceQuality "1"]

1. e4 e6 2. d4 d5 3. Nd2 Be7 4. Bd3 c5 5. dxc5 Nf6 6. Qe2 0-0 7. Ngf3 a5 8. c3 Na6 9. e5 Nd7 10. 0-0 Naxc5 11. Bb5 Qc7 12. Re1 f6 13. exf6 Nxf6 14. c4 Bd6 15. Nf1 Bd7 16. Bxd7 Qxd7 17. Be3 Rac8 18. Red1 Nce4 19. N3d2 Nxd2 20. Nxd2 dxc4 21. Nxc4 Bxh2+ 22. Kxh2 Qc7+ 23. Nd6 Nd5 24. Bc5 Nf4 25. Qg4 Qxc5 26. Nxc8 Qxc8 27. Rac1 Qb8 28. g3 Ng6 29. Rc2 Qe8 30. Rd6 Ne5 31. Qxe6+ Qxe6 32. Rxe6 Nf3+ 33. Kg2 Nd4 34. Rce2 Nxe2 35. Rxe2 Rf5 1/2-1/2

[Event "Arlington DC op 2nd"]
[Site "Arlington"]
[Date "2014.06.30"]
[Round "9"]
[White "Priyadharshan, Kannappan"]
[Black "Akshayraj, Kore"]
[Result "1-0"]
[WhiteElo "2443"]
[BlackElo "2482"]
[PlyCount "75"]
[EventDate "2014.06.26"]
[EventType "swiss"]
[EventRounds "9"]
[EventCountry "USA"]
[SourceTitle "CBM 161 Extra"]
[Source "ChessBase"]
[SourceDate "2014.08.29"]
[SourceVersion "1"]
[SourceVersionDate "2014.08.29"]
[SourceQuality "1"]

1. e4 e5 2. Nf3 Nc6 3. Nc3 Nf6 4. Bb5 Bb4 5. 0-0 0-0 6. d3 d6 7. Ne2 h6 8. c3 Ba5 9. Ng3 a6 10. Ba4 b5 11. Bc2 Re8 12. h3 Bb6 13. Be3 Rb8 14. Bxb6 Rxb6 15. d4 Bd7 16. Qd2 Na5 17. b3 Nc6 18. Rad1 a5 19. a3 Qc8 20. Kh2 Nb8 21. Nh4 b4 22. cxb4 axb4 23. a4 exd4 24. Qxd4 c5 25. Qd2 Qc7 26. f4 Bc8 27. Nf3 Bb7 28. Rfe1 Nbd7 29. Bb1 Nf8 30. Rc1 Ba8 31. Nd4 Rbb8 32. Nb5 Qe7 33. Nf5 Qe6 34. Nc7 Qxb3 35. Nxe8 Rxe8 36. Nxd6 Re7 37. Rxc5 Nh5 38. Rxh5 1-0

[Event "USA-chT College final"]
[Site "New York"]
[Date "2014.04.05"]
[Round "1.2"]
[White "Akshayraj, Kore"]
[Black "Moradiabadi, Elshan"]
[Result "0-1"]
[WhiteElo "2486"]
[BlackElo "2585"]
[PlyCount "71"]
[EventDate "2014.04.05"]
[EventType "team-tourn"]
[EventRounds "3"]
[EventCountry "USA"]
[SourceTitle "EXT 2017"]
[Source "ChessBase"]
[SourceDate "2016.10.25"]
[SourceVersion "1"]
[SourceVersionDate "2016.10.25"]
[SourceQuality "1"]

1. d4 Nf6 2. c4 e6 3. Nc3 Bb4 4. g3 0-0 5. Bg2 d5 6. Nf3 dxc4 7. 0-0 Nc6 8. e3 Rb8 9. Qe2 b5 10. Rd1 Qe7 11. e4 e5 12. dxe5 Nxe5 13. Nxe5 Qxe5 14. Bf4 Qe7 15. a4 a6 16. axb5 axb5 17. h3 Be6 18. g4 Rfc8 19. Bg5 h6 20. Be3 Nd7 21. f4 f6 22. e5 Bxc3 23. bxc3 fxe5 24. Ba7 Ra8 25. Bxa8 Rxa8 26. fxe5 c6 27. Qe3 Rf8 28. Rd6 Bd5 29. Rxd5 cxd5 30. e6 Ra8 31. exd7 Qxd7 32. Qc5 d4 33. cxd4 c3 34. d5 c2 35. Kh2 Rc8 36. Qg1 0-1

[Event "Mumbai Mayors Cup 6th"]
[Site "Mumbai"]
[Date "2013.05.31"]
[Round "4"]
[White "Akshayraj, Kore"]
[Black "Murali Krishnan, BT."]
[Result "1/2-1/2"]
[WhiteElo "2508"]
[BlackElo "2301"]
[PlyCount "46"]
[EventDate "2013.05.29"]
[EventType "swiss"]
[EventRounds "11"]
[EventCountry "IND"]
[SourceTitle "CBM 154 Extra"]
[Source "ChessBase"]
[SourceDate "2013.06.25"]
[SourceVersion "2"]
[SourceVersionDate "2013.06.25"]
[SourceQuality "1"]

1. e4 c6 2. d4 d5 3. f3 g6 4. Nc3 Bg7 5. Be3 Nf6 6. e5 Ng8 7. Qd2 h5 8. f4 Nh6 9. Nf3 b6 10. g3 e6 11. h3 Ba6 12. Ne2 Nf5 13. Bf2 Bf8 14. Bg2 c5 15. g4 hxg4 16. hxg4 Rxh1+ 17. Bxh1 Nh6 18. Nh2 Nc6 19. c3 cxd4 20. Nxd4 Nxd4 21. cxd4 Rc8 22. Bf3 Qc7 23. Be3 Qc2 1/2-1/2

[Event "Mumbai Mayors Cup 6th"]
[Site "Mumbai"]
[Date "2013.05.29"]
[Round "1"]
[White "Patil, Pratik"]
[Black "Akshayraj, Kore"]
[Result "0-1"]
[WhiteElo "2202"]
[BlackElo "2508"]
[PlyCount "64"]
[EventDate "2013.05.29"]
[EventType "swiss"]
[EventRounds "11"]
[EventCountry "IND"]
[SourceTitle "CBM 154 Extra"]
[Source "ChessBase"]
[SourceDate "2013.06.25"]
[SourceVersion "2"]
[SourceVersionDate "2013.06.25"]
[SourceQuality "1"]

1. e4 Nc6 2. Nc3 Nf6 3. d4 d6 4. Nf3 g6 5. h3 Bg7 6. Be3 0-0 7. Qd2 e5 8. Bd3 exd4 9. Nxd4 Re8 10. 0-0 Bd7 11. Rae1 Nb4 12. f4 c5 13. Nf3 Bc6 14. a3 Nxd3 15. cxd3 d5 16. exd5 Nxd5 17. Bxc5 Rxe1 18. Nxe1 Qa5 19. d4 b6 20. Bd6 Rd8 21. Be5 f6 22. b4 Qa6 23. Nxd5 Bxd5 24. f5 Bc4 25. Rf2 fxe5 26. Qg5 Rxd4 27. fxg6 hxg6 28. Qxg6 Qc8 29. Nf3 Rd1+ 30. Kh2 Bf7 31. Qe4 Bd5 32. Qe2 Qc1 0-1

[Event "Maharashtra-chT"]
[Site "Pune"]
[Date "2013.04.28"]
[Round "9"]
[White "Narayanan, Srinath"]
[Black "Akshayraj, Kore"]
[Result "1/2-1/2"]
[WhiteElo "2440"]
[BlackElo "2512"]
[PlyCount "190"]
[EventDate "2013.04.24"]
[EventType "team-tourn"]
[EventRounds "5"]
[EventCountry "IND"]
[SourceTitle "CBM 154 Extra"]
[Source "ChessBase"]
[SourceDate "2013.06.25"]
[SourceVersion "2"]
[SourceVersionDate "2013.06.25"]
[SourceQuality "1"]
[WhiteTeam "Jalgaon Battlers"]
[BlackTeam "Pune Attackers"]
[WhiteTeamCountry "IND"]
[BlackTeamCountry "IND"]

1. e4 d5 2. exd5 Qxd5 3. Nc3 Qd6 4. d4 Nf6 5. Nf3 g6 6. Ne5 Bg7 7. Nb5 Qd8 8. Bc4 0-0 9. 0-0 c6 10. Nc3 Nbd7 11. a4 Qa5 12. Qe2 Nxe5 13. dxe5 Nd5 14. Bd2 Qc5 15. Rfe1 Be6 16. Bd3 a5 17. Ne4 Qd4 18. Ng5 Bg4 19. Qe4 Qxe4 20. Bxe4 h6 21. Nf3 Rfd8 22. c3 Nb6 23. Bf4 Nc4 24. b3 Nb6 25. h3 Bf5 26. Bxf5 gxf5 27. Rad1 Nd5 28. Bd2 e6 29. g4 Ne7 30. Be3 Nd5 31. Bd2 Ne7 32. Be3 fxg4 33. hxg4 Nd5 34. Bd2 b5 35. Ra1 Bf8 36. Kg2 b4 37. c4 Nc3 38. Rac1 Rd3 39. Rc2 Rad8 40. Re3 Nb1 41. Bc1 Rd1 42. c5 Nc3 43. Nd2 Rd4 44. Nc4 Rxg4+ 45. Rg3 Rxg3+ 46. fxg3 Ne4 47. Nxa5 Nxc5 48. Be3 Nd3 49. Rxc6 Nxe5 50. Rc8 Kg7 51. Bxh6+ Kxh6 52. Rxf8 Rd2+ 53. Kf1 Kg5 54. Rg8+ Kf5 55. Rh8 Ke4 56. Rh4+ Kf3 57. Ke1 Rd5 58. Nc4 Kxg3 59. Re4 Nd3+ 60. Kf1 Kf3 61. Re3+ Kf4 62. Ke2 Nc1+ 63. Kf2 Nd3+ 64. Ke2 Nc1+ 65. Kf2 Rd3 66. Re1 Nxb3 67. Ke2 Rc3 68. Rf1+ Ke4 69. Nd6+ Kd5 70. Nxf7 Nd4+ 71. Kd2 Rc2+ 72. Kd3 Rc3+ 73. Kd2 Nf3+ 74. Ke2 Nd4+ 75. Kd2 Rc2+ 76. Kd3 e5 77. Ng5 Re2 78. Rf8 Rg2 79. Rd8+ Kc6 80. Nf7 Kc7 81. Rh8 Nc6 82. Rh7 Rg3+ 83. Kc4 Kb6 84. Nd6 Rc3+ 85. Kd5 Rd3+ 86. Ke6 Kc5 87. Ne4+ Kd4 88. Rh4 Ke3 89. Nc5 Rc3 90. Kd5 Ne7+ 91. Kxe5 Rxc5+ 92. Kd6 Rc6+ 93. Kxe7 Rb6 94. a5 Rb5 95. a6 b3 1/2-1/2

[Event "Maharashtra-chT"]
[Site "Pune"]
[Date "2013.04.27"]
[Round "6"]
[White "Sachdev, Tania"]
[Black "Akshayraj, Kore"]
[Result "1/2-1/2"]
[WhiteElo "2409"]
[BlackElo "2512"]
[PlyCount "113"]
[EventDate "2013.04.24"]
[EventType "team-tourn"]
[EventRounds "5"]
[EventCountry "IND"]
[SourceTitle "CBM 154 Extra"]
[Source "ChessBase"]
[SourceDate "2013.06.25"]
[SourceVersion "2"]
[SourceVersionDate "2013.06.25"]
[SourceQuality "1"]
[WhiteTeam "Ahmednagar Checkers"]
[BlackTeam "Pune Attackers"]
[WhiteTeamCountry "IND"]
[BlackTeamCountry "IND"]

1. d4 d6 2. Nf3 g6 3. c4 Bg7 4. Nc3 Bg4 5. e3 Nf6 6. Be2 0-0 7. 0-0 c5 8. h3 Bf5 9. d5 e5 10. dxe6 Bxe6 11. Ng5 Nc6 12. Nge4 Nxe4 13. Nxe4 Qh4 14. f4 Rad8 15. Bd2 Qe7 16. Nc3 d5 17. cxd5 Bxd5 18. Nxd5 Rxd5 19. Bf3 Rd6 20. Qc2 Rfd8 21. Bc1 b6 22. Bxc6 Rxc6 23. a4 c4 24. Ra3 Qb4 25. f5 Rcd6 26. fxg6 hxg6 27. Qe2 R6d7 28. e4 Rd3 29. Ra2 Re8 30. Qg4 Rd4 31. Qf3 Qe7 32. Bg5 Qe6 33. a5 b5 34. Be3 Rd3 35. Qf2 a6 36. Bb6 Qd7 37. Raa1 Rd2 38. Qf3 Bxb2 39. Rad1 Rxd1 40. Rxd1 Qe6 41. Rf1 Bg7 42. h4 c3 43. h5 gxh5 44. Qxh5 c2 45. Be3 Rc8 46. Bc1 Bd4+ 47. Kh1 Kg7 48. Rxf7+ Qxf7 49. Qg4+ Kh7 50. Qh3+ Kg7 51. Qg4+ Kh8 52. Qxc8+ Qg8 53. Qh3+ Qh7 54. Bh6 Bg7 55. Qc8+ Qg8 56. Bxg7+ Kxg7 57. Qxc2 1/2-1/2

[Event "Maharashtra-chT"]
[Site "Pune"]
[Date "2013.04.26"]
[Round "4"]
[White "Akshayraj, Kore"]
[Black "Kiran, Manisha Mohanty"]
[Result "1/2-1/2"]
[WhiteElo "2512"]
[BlackElo "2195"]
[PlyCount "150"]
[EventDate "2013.04.24"]
[EventType "team-tourn"]
[EventRounds "5"]
[EventCountry "IND"]
[SourceTitle "CBM 154 Extra"]
[Source "ChessBase"]
[SourceDate "2013.06.25"]
[SourceVersion "2"]
[SourceVersionDate "2013.06.25"]
[SourceQuality "1"]
[WhiteTeam "Pune Attackers"]
[BlackTeam "Mumbai Movers"]
[WhiteTeamCountry "IND"]
[BlackTeamCountry "IND"]

1. e4 c5 2. Nf3 Nc6 3. Bb5 e6 4. 0-0 Nge7 5. Re1 a6 6. Bf1 d5 7. Nc3 d4 8. Ne2 Ng6 9. d3 Be7 10. g3 e5 11. Bg2 h5 12. h4 Nf8 13. c3 Nh7 14. b4 b6 15. bxc5 bxc5 16. Qc2 Bd7 17. Rf1 Nf6 18. Ng5 Rc8 19. Bd2 0-0 20. Rab1 dxc3 21. Nxc3 Nb4 22. Qb3 Bg4 23. Nd5 Nfxd5 24. exd5 Be2 25. Rfe1 Bxd3 26. a3 c4 27. Qd1 Bxb1 28. Bxb4 Bg6 29. d6 Bxg5 30. hxg5 c3 31. Rxe5 c2 32. Qc1 Rc4 33. Bf3 Rxb4 34. axb4 Qxd6 35. Rc5 Rd8 36. Rxc2 Bxc2 37. Qxc2 h4 38. gxh4 Qxb4 39. g6 Qxh4 40. gxf7+ Kf8 41. Be2 Qg5+ 42. Kf1 Qd5 43. Qh7 Qxf7 44. Bxa6 Rd6 45. Be2 Rf6 46. Qh8+ Ke7 47. Qh4 Qb3 48. Qe4+ Qe6 49. Qxe6+ Kxe6 50. Kg2 Ke5 51. Bf3 Kf4 52. Bd5 Rd6 53. Bb7 Rd2 54. Bc6 g5 55. Kf1 Rc2 56. Bb7 Kg4 57. Kg2 Kh4 58. Be4 Rb2 59. Bf5 g4 60. Kf1 Kg5 61. Bd7 Kf4 62. Bc6 Rc2 63. Bb7 Rc1+ 64. Ke2 Rb1 65. Bc6 Rb2+ 66. Kf1 Kg5 67. Bd5 Kh4 68. Bc6 Rb1+ 69. Kg2 Rb2 70. Kf1 Rd2 71. Bb7 Kh3 72. Bc8 Rd4 73. f3 Rf4 74. Bxg4+ Rxg4 75. fxg4 Kxg4 1/2-1/2

[Event "Maharashtra-chT"]
[Site "Pune"]
[Date "2013.04.25"]
[Round "2"]
[White "Akshayraj, Kore"]
[Black "Gagare, Shardul"]
[Result "1/2-1/2"]
[WhiteElo "2512"]
[BlackElo "2397"]
[PlyCount "65"]
[EventDate "2013.04.24"]
[EventType "team-tourn"]
[EventRounds "5"]
[EventCountry "IND"]
[SourceTitle "CBM 154 Extra"]
[Source "ChessBase"]
[SourceDate "2013.06.25"]
[SourceVersion "2"]
[SourceVersionDate "2013.06.25"]
[SourceQuality "1"]
[WhiteTeam "Pune Attackers"]
[BlackTeam "Ahmednagar Checkers"]
[WhiteTeamCountry "IND"]
[BlackTeamCountry "IND"]

1. d4 d5 2. c4 dxc4 3. Nf3 Nf6 4. e3 e6 5. Bxc4 a6 6. 0-0 c5 7. dxc5 Bxc5 8. Qxd8+ Kxd8 9. Nbd2 Ke7 10. Be2 Nc6 11. b3 b5 12. Bb2 Bb7 13. Rfc1 Bd6 14. a4 bxa4 15. Nc4 a3 16. Nxa3 Na5 17. Nd4 Rhc8 18. Bc3 Nd5 19. Bxa5 Rxc1+ 20. Rxc1 Bxa3 21. Rc2 Rc8 22. Rxc8 Bxc8 23. e4 Nf6 24. e5 Nd7 25. Nc6+ Ke8 26. f4 Bb7 27. Nd8 Bc5+ 28. Kf1 Bd5 29. Bxa6 Bb6 30. Bxb6 Nxb6 31. Nb7 Bxb3 32. Kf2 Ke7 33. Bb5 1/2-1/2

[Event "Dubai op 15th"]
[Site "Dubai"]
[Date "2013.04.11"]
[Round "5"]
[White "Nezad, Husein Aziz"]
[Black "Akshayraj, Kore"]
[Result "1-0"]
[WhiteElo "2400"]
[BlackElo "2512"]
[PlyCount "43"]
[EventDate "2013.04.07"]
[EventType "swiss"]
[EventRounds "9"]
[EventCountry "UAE"]
[SourceTitle "CBM 153 Extra"]
[Source "ChessBase"]
[SourceDate "2013.04.22"]
[SourceVersion "1"]
[SourceVersionDate "2013.04.22"]
[SourceQuality "1"]

1. d4 Nf6 2. c4 g6 3. Nc3 d5 4. Bg5 Ne4 5. Bh4 Nxc3 6. bxc3 Bg7 7. e3 c5 8. cxd5 cxd4 9. cxd4 Qxd5 10. Nf3 Nc6 11. Be2 0-0 12. 0-0 b6 13. Qb3 Be6 14. Rac1 Qe4 15. Bd3 Qg4 16. Qb5 Bd7 17. Rxc6 Rac8 18. h3 Bxc6 19. hxg4 Bxb5 20. Bxb5 Rc7 21. a4 e6 22. e4 1-0

[Event "Dubai op 15th"]
[Site "Dubai"]
[Date "2013.04.08"]
[Round "2"]
[White "Akshayraj, Kore"]
[Black "Hemant, Sharma"]
[Result "1-0"]
[WhiteElo "2512"]
[BlackElo "2253"]
[PlyCount "97"]
[EventDate "2013.04.07"]
[EventType "swiss"]
[EventRounds "9"]
[EventCountry "UAE"]
[SourceTitle "CBM 153 Extra"]
[Source "ChessBase"]
[SourceDate "2013.04.22"]
[SourceVersion "1"]
[SourceVersionDate "2013.04.22"]
[SourceQuality "1"]

1. e4 c5 2. Nf3 d6 3. c3 Nf6 4. Be2 g6 5. 0-0 Bg7 6. Re1 0-0 7. Bf1 b6 8. d4 cxd4 9. cxd4 Bb7 10. Nc3 Nc6 11. Bg5 e5 12. d5 Ne7 13. Nd2 Ne8 14. Qa4 Nc7 15. Rac1 f6 16. Be3 Rf7 17. f3 h5 18. Nb5 Nc8 19. Rc3 a6 20. Na3 Ne8 21. Qb4 Kh7 22. Nac4 Bh6 23. Bxh6 Kxh6 24. a4 Rb8 25. Ne3 Rc7 26. Ndc4 Rc5 27. g3 a5 28. Qb3 Kg7 29. Rec1 Nc7 30. f4 exf4 31. gxf4 Qe8 32. Qc2 f5 33. exf5 Bxd5 34. Qd2 Qe7 35. Nxd5 Nxd5 36. Rg3 Kf8 37. Re1 Qf6 38. Rxg6 Qxf5 39. Bd3 Qf7 40. f5 Qh7 41. Qg5 Nce7 42. Nxd6 Nxg6 43. fxg6 Qd7 44. Qxh5 Qg7 45. Nf5 Nf6 46. Nxg7 Nxh5 47. Ne6+ Kg8 48. Nxc5 bxc5 49. Re7 1-0

[Event "Kolkata op 5th"]
[Site "Kolkata"]
[Date "2012.12.10"]
[Round "8"]
[White "Akshayraj, Kore"]
[Black "Mohota, Nisha"]
[Result "1/2-1/2"]
[WhiteElo "2459"]
[BlackElo "2339"]
[PlyCount "49"]
[EventDate "2012.12.03"]
[EventType "swiss"]
[EventRounds "11"]
[EventCountry "IND"]
[SourceTitle "EXT 2014"]
[Source "ChessBase"]
[SourceDate "2013.11.20"]
[SourceVersion "1"]
[SourceVersionDate "2013.11.20"]
[SourceQuality "1"]

1. d4 Nf6 2. c4 g6 3. Nc3 Bg7 4. g3 0-0 5. Bg2 d6 6. Nf3 Nbd7 7. 0-0 e5 8. Qc2 Re8 9. Rd1 c6 10. dxe5 dxe5 11. Ng5 Qe7 12. Nge4 Nxe4 13. Nxe4 Nc5 14. Bg5 f6 15. Nxc5 Qxc5 16. Be3 Qe7 17. Rd2 Be6 18. Rad1 Red8 19. b3 Bf8 20. h4 Re8 21. Kh2 Bf5 22. Be4 Be6 23. Bg2 Bf5 24. Be4 Be6 25. Bg2 1/2-1/2

[Event "Kolkata op 5th"]
[Site "Kolkata"]
[Date "2012.12.06"]
[Round "4"]
[White "Akshayraj, Kore"]
[Black "Sangma, Rahul"]
[Result "1-0"]
[WhiteElo "2459"]
[BlackElo "2351"]
[PlyCount "55"]
[EventDate "2012.12.03"]
[EventType "swiss"]
[EventRounds "11"]
[EventCountry "IND"]
[SourceTitle "EXT 2014"]
[Source "ChessBase"]
[SourceDate "2013.11.20"]
[SourceVersion "1"]
[SourceVersionDate "2013.11.20"]
[SourceQuality "1"]

1. e4 e5 2. Nf3 Nc6 3. d4 exd4 4. Nxd4 Bc5 5. Nb3 Bb4+ 6. Bd2 Qe7 7. Bd3 Bxd2+ 8. Qxd2 Nf6 9. Nc3 d6 10. 0-0-0 0-0 11. Kb1 a6 12. Rhe1 Be6 13. f4 b5 14. h3 Qd8 15. e5 dxe5 16. fxe5 Nd7 17. Qf4 Ne7 18. Nd4 Qe8 19. Qh4 h6 20. g4 Nc5 21. g5 Nxd3 22. Rxd3 Ng6 23. Qg3 h5 24. Ne4 Rd8 25. Nf6+ gxf6 26. gxf6 Kh7 27. Nxe6 Rxd3 28. Nxf8+ 1-0

[Event "Kolkata op 5th"]
[Site "Kolkata"]
[Date "2012.12.05"]
[Round "3"]
[White "Korobov, Anton"]
[Black "Akshayraj, Kore"]
[Result "1-0"]
[WhiteElo "2702"]
[BlackElo "2459"]
[PlyCount "45"]
[EventDate "2012.12.03"]
[EventType "swiss"]
[EventRounds "11"]
[EventCountry "IND"]
[SourceTitle "EXT 2014"]
[Source "ChessBase"]
[SourceDate "2013.11.20"]
[SourceVersion "1"]
[SourceVersionDate "2013.11.20"]
[SourceQuality "1"]

1. d4 Nf6 2. c4 g6 3. Nc3 d5 4. cxd5 Nxd5 5. e4 Nxc3 6. bxc3 Bg7 7. Bc4 c5 8. Ne2 Nc6 9. Be3 0-0 10. 0-0 Na5 11. Bb5 Bd7 12. Bd3 e5 13. dxe5 b6 14. f4 Be6 15. Ng3 Bc4 16. Bxc4 Nxc4 17. Qe2 Nxe3 18. Qxe3 Qe8 19. Rfd1 f6 20. exf6 Rxf6 21. e5 g5 22. f5 Rc6 23. Re1 1-0

[Event "Commonwealth-ch"]
[Site "Chennai"]
[Date "2012.11.28"]
[Round "8"]
[White "Garcia, Jan Emmanuel"]
[Black "Akshayraj, Kore"]
[Result "1/2-1/2"]
[WhiteElo "2394"]
[BlackElo "2459"]
[PlyCount "57"]
[EventDate "2012.11.23"]
[EventType "swiss"]
[EventRounds "11"]
[EventCountry "IND"]
[SourceTitle "CBM 151 Extra"]
[Source "ChessBase"]
[SourceDate "2012.12.18"]
[SourceVersion "1"]
[SourceVersionDate "2012.12.18"]
[SourceQuality "1"]

1. c4 Nf6 2. g3 c6 3. Nf3 d5 4. b3 Bf5 5. Bb2 e6 6. Bg2 Be7 7. 0-0 0-0 8. d3 h6 9. Nbd2 Nbd7 10. a3 a5 11. Qc2 Bh7 12. Rfe1 Re8 13. Bc3 b5 14. a4 b4 15. Bb2 Qb6 16. Rad1 Bc5 17. e3 Rad8 18. Bf1 e5 19. cxd5 cxd5 20. Qc1 Bd6 21. Qa1 Bf5 22. h3 Qb8 23. Kg2 Bg6 24. Be2 Bf8 25. Bf1 Bd6 26. Be2 Bf8 27. Bf1 Qb7 28. Kg1 Qb8 29. Kg2 1/2-1/2

[Event "Commonwealth-ch"]
[Site "Chennai"]
[Date "2012.11.23"]
[Round "2"]
[White "Hamid, Rani"]
[Black "Akshayraj, Kore"]
[Result "0-1"]
[WhiteElo "1988"]
[BlackElo "2459"]
[PlyCount "106"]
[EventDate "2012.11.23"]
[EventType "swiss"]
[EventRounds "11"]
[EventCountry "IND"]
[SourceTitle "CBM 151 Extra"]
[Source "ChessBase"]
[SourceDate "2012.12.18"]
[SourceVersion "1"]
[SourceVersionDate "2012.12.18"]
[SourceQuality "1"]

1. e4 e5 2. Nf3 Nc6 3. Bb5 a6 4. Ba4 Nf6 5. 0-0 Be7 6. Re1 b5 7. Bb3 d6 8. c3 0-0 9. h3 Nb8 10. d4 Nbd7 11. Nbd2 Bb7 12. Bc2 Re8 13. Nf1 Bf8 14. Ng3 g6 15. Bd2 Bg7 16. Qc1 Qe7 17. Bh6 Bxh6 18. Qxh6 Qf8 19. Qd2 Nb6 20. dxe5 dxe5 21. Qg5 Qg7 22. Bb3 Nfd7 23. Qe3 a5 24. a3 Qf8 25. Ng5 Nc4 26. Bxc4 bxc4 27. Rad1 Nc5 28. Re2 Nd3 29. Red2 Qh6 30. Nf3 Qxe3 31. fxe3 Nc5 32. Rf2 Nd3 33. Rff1 Bc6 34. b3 Rab8 35. bxc4 Nb2 36. Rb1 Nxc4 37. Kf2 f6 38. Rfd1 Rxb1 39. Rxb1 Nxa3 40. Ra1 Nc4 41. Ne1 Rd8 42. Ra2 Rd2+ 43. Rxd2 Nxd2 44. Ke2 Nxe4 45. Nxe4 Bxe4 46. Kd2 Kf7 47. Kc1 Ke6 48. Kb2 Kd5 49. Kb3 h5 50. h4 g5 51. g3 gxh4 52. gxh4 f5 53. c4+ Kc5 0-1

[Event "Nagpur op"]
[Site "Nagpur"]
[Date "2012.10.23"]
[Round "11"]
[White "Rahman, Md Taibur"]
[Black "Akshayraj, Kore"]
[Result "1/2-1/2"]
[WhiteElo "2324"]
[BlackElo "2472"]
[PlyCount "47"]
[EventDate "2012.10.16"]
[EventType "swiss"]
[EventRounds "11"]
[EventCountry "IND"]
[SourceTitle "EXT 2013"]
[Source "ChessBase"]
[SourceDate "2012.11.22"]
[SourceVersion "1"]
[SourceVersionDate "2012.11.22"]
[SourceQuality "1"]

1. d4 Nf6 2. c4 g6 3. Nc3 d5 4. cxd5 Nxd5 5. Nf3 Bg7 6. e4 Nxc3 7. bxc3 c5 8. Bb5+ Nc6 9. 0-0 cxd4 10. cxd4 0-0 11. Be3 Bg4 12. Bxc6 bxc6 13. Rc1 Qa5 14. Qd2 Qxd2 15. Nxd2 Rfd8 16. Nb3 a5 17. Rxc6 a4 18. Nc5 Bxd4 19. Bxd4 Rxd4 20. f3 Bd7 21. Nxd7 Rxd7 22. Rfc1 a3 23. Kf2 Kg7 24. Ke2 1/2-1/2